[Event "Cornella Pinol Memorial 5th"]
[Site "Cornella de Llobregat"]
[Date "2017.10.02"]
[Round "2"]
[White "Grau Beltran, Eduard"]
[Black "Castrillo Mansego, Pablo"]
[Result "0-1"]
[WhiteElo "1853"]
[BlackElo "2014"]
[PlyCount "96"]
[EventDate "2017.09.25"]
[EventType "swiss"]
[EventRounds "9"]
[EventCountry "ESP"]
[SourceTitle "CBM 181 Extra"]
[Source "ChessBase"]
[SourceDate "2017.12.12"]
[SourceVersion "1"]
[SourceVersionDate "2017.12.12"]
[SourceQuality "1"]

1. b3 g6 2. Bb2 Nf6 3. Nf3 Bg7 4. g3 d5 5. Bg2 0-0 6. 0-0 c5 7. c4 d4 8. b4 d3 9. bxc5 Na6 10. exd3 Qxd3 11. Qb3 Nxc5 12. Qxd3 Nxd3 13. Bc3 Be6 14. Ne5 Nxe5 15. Bxe5 Bxc4 16. Bxb7 Rad8 17. Rc1 Bd5 18. Rc7 Ne8 19. Bxg7 Nxc7 20. Bxf8 Bxb7 21. Bh6 Ne6 22. Be3 Nd4 23. Bxd4 Rxd4 24. a3 Bd5 25. Nc3 Rxd2 26. Rd1 Rxd1+ 27. Nxd1 e6 28. f4 Kf8 29. Kf2 Ke7 30. Ke3 Kd6 31. Kd4 f6 32. Nf2 e5+ 33. fxe5+ fxe5+ 34. Kc3 Bf3 35. h4 Kd5 36. Kd3 h5 37. Nh3 a5 38. Ng5 e4+ 39. Ke3 Kc4 40. Nxe4 Bxe4 41. Kxe4 Kb3 42. Kf4 Kxa3 43. Kg5 Kb4 44. Kxg6 a4 45. Kxh5 a3 46. g4 a2 47. g5 a1Q 48. Kh6 Qh8+ 0-1

[Event "Cornella de Llobregat op"]
[Site "Cornella de Llobregat"]
[Date "2017.05.15"]
[Round "5"]
[White "Grau Beltran, Eduard"]
[Black "Salvado Obrero, Ivan"]
[Result "0-1"]
[WhiteElo "2036"]
[BlackElo "2137"]
[PlyCount "62"]
[EventDate "2017.04.03"]
[EventType "swiss"]
[EventRounds "7"]
[EventCountry "ESP"]
[SourceTitle "EXT 2018"]
[Source "ChessBase"]
[SourceDate "2017.10.13"]
[SourceVersion "1"]
[SourceVersionDate "2017.10.13"]
[SourceQuality "1"]

1. d4 Nf6 2. Bg5 e6 3. e4 h6 4. Bxf6 Qxf6 5. Nf3 d5 6. e5 Qd8 7. Be2 c5 8. c3 Qb6 9. Qb3 Nc6 10. Nbd2 cxd4 11. Qxb6 axb6 12. cxd4 Bb4 13. a3 Bd7 14. Rd1 Be7 15. 0-0 0-0 16. Nb1 Rfc8 17. Bb5 Nxe5 18. Bxd7 Nxd7 19. Rc1 Bf6 20. Nc3 Rc6 21. Ne2 Rac8 22. Rxc6 bxc6 23. b4 Kf8 24. Rc1 Ke7 25. Nc3 Ra8 26. Nb1 Kd6 27. Rc3 Nb8 28. Ne5 Bxe5 29. dxe5+ Kxe5 30. f4+ Kd6 31. Nd2 Na6 0-1

[Event "Cornella de Llobregat op"]
[Site "Cornella de Llobregat"]
[Date "2017.04.10"]
[Round "2"]
[White "Grau Beltran, Eduard"]
[Black "Zevallos Garcia, Luis Enrique"]
[Result "0-1"]
[WhiteElo "2036"]
[BlackElo "1990"]
[PlyCount "116"]
[EventDate "2017.04.03"]
[EventType "swiss"]
[EventRounds "7"]
[EventCountry "ESP"]
[SourceTitle "EXT 2018"]
[Source "ChessBase"]
[SourceDate "2017.10.13"]
[SourceVersion "1"]
[SourceVersionDate "2017.10.13"]
[SourceQuality "1"]

1. d4 d5 2. Nf3 Nf6 3. g3 g6 4. c4 Bg7 5. cxd5 0-0 6. Bg2 Nxd5 7. e4 Nb6 8. 0-0 Bg4 9. e5 Qd7 10. Qc2 Nc6 11. Be3 Rad8 12. Nbd2 Nd5 13. a3 Bh3 14. Nb3 Bxg2 15. Kxg2 e6 16. Nc5 Qc8 17. Rac1 Nce7 18. Qa4 Nf5 19. Bg5 f6 20. exf6 Bxf6 21. Bxf6 Rxf6 22. Qxa7 b6 23. Ne4 Rff8 24. Qa4 Qb7 25. Qc6 Qxc6 26. Rxc6 Nde3+ 27. fxe3 Nxe3+ 28. Kf2 Nxf1 29. Ke2 Rf7 30. Rc1 Nxh2 31. Nxh2 Rxd4 32. Ke3 Rd8 33. Ng4 Kg7 34. Rc6 Rd1 35. Ke2 Rb1 36. Rc2 Rff1 37. Rxc7+ Kf8 38. Nd2 Rbe1+ 39. Kd3 Rg1 40. Ne4 Rd1+ 41. Ke3 Rge1+ 42. Kf4 Rd5 43. Nh6 e5+ 44. Kf3 Rd3+ 45. Kf2 Rxe4 46. Rf7+ Ke8 47. Rxh7 Rc4 48. Kg2 Rc2+ 49. Kh3 Rxb2 50. Rg7 e4 51. Rg8+ Kd7 52. Rxg6 e3 53. Nf7 Rd5 54. Ng5 e2 55. Rg7+ Kc6 56. Nf3 Rb3 57. Rg6+ Kb5 58. a4+ Kxa4 0-1

[Event "Cornella Pinol Memorial 4th"]
[Site "Cornella de Llobregat"]
[Date "2016.10.17"]
[Round "4"]
[White "Bada Navarra, Jordi"]
[Black "Grau Beltran, Eduard"]
[Result "1-0"]
[WhiteElo "2110"]
[BlackElo "1832"]
[PlyCount "154"]
[EventDate "2016.09.26"]
[EventType "swiss"]
[EventRounds "9"]
[EventCountry "ESP"]
[SourceTitle "EXT 2018"]
[Source "ChessBase"]
[SourceDate "2017.10.13"]
[SourceVersion "1"]
[SourceVersionDate "2017.10.13"]
[SourceQuality "1"]

1. e4 e6 2. Nc3 d5 3. d4 dxe4 4. Nxe4 Nf6 5. Nxf6+ Qxf6 6. Nf3 h6 7. Bd3 Bd7 8. 0-0 Bd6 9. Re1 Bc6 10. Ne5 Bxe5 11. dxe5 Qh4 12. Qe2 a6 13. Be3 Nd7 14. f3 Qe7 15. Bf2 Nc5 16. Bc4 b5 17. Bb3 Nxb3 18. cxb3 Bd5 19. Rac1 c6 20. Bc5 Qb7 21. Qf2 0-0-0 22. Qe3 Rd7 23. Red1 Kc7 24. Qc3 Kd8 25. Qa5+ Ke8 26. b4 f5 27. Rc3 Kf7 28. Ra3 Ra8 29. Rad3 Qc7 30. Qxc7 Rxc7 31. Ra3 Ke8 32. Kf2 Kd7 33. h4 h5 34. Ke3 Ke8 35. Kf4 Kf7 36. Kg5 g6 37. Rd4 Kg7 38. Ra5 Bc4 39. Bb6 Rb7 40. Bc5 Rc7 41. Kf4 Kf7 42. Ke3 Ke8 43. Bd6 Rb7 44. Rd2 Bd5 45. Rd3 c5 46. bxc5 Kd7 47. Rda3 Rba7 48. Kf4 Ke8 49. b4 Bc6 50. Rc3 Rc8 51. Kg5 Kf7 52. Rc2 Raa8 53. Ra3 Bd5 54. c6 Rxc6 55. Rxc6 Bxc6 56. Rc3 Rc8 57. g4 hxg4 58. fxg4 fxg4 59. Kxg4 Bb7 60. Bc5 Bd5 61. Rc2 Be4 62. Rd2 Bf5+ 63. Kg5 Ke8 64. Rd6 Ra8 65. Kf6 a5 66. a3 axb4 67. Bxb4 Ra7 68. Rb6 Rf7+ 69. Kg5 Be4 70. Rxe6+ Kd8 71. Rd6+ Kc8 72. Rf6 Rh7 73. Rf4 Bf5 74. Kf6 Kd7 75. Rd4+ Ke8 76. e6 Ra7 77. h5 Rc7 1-0